[Event "Ulm/Neu Ulm-ch"]
[Site "Ulm/Neu Ulm"]
[Date "2008.11.28"]
[Round "6"]
[White "Zierke, Markus"]
[Black "Napierala, Jascha"]
[Result "1-0"]
[WhiteElo "1765"]
[BlackElo "790"]
[PlyCount "41"]
[EventDate "2008.09.19"]
[EventType "swiss"]
[EventRounds "7"]
[EventCountry "GER"]
[SourceTitle "EXT 2011"]
[Source "ChessBase"]
[SourceDate "2010.11.26"]
[SourceVersion "1"]
[SourceVersionDate "2010.11.26"]
[SourceQuality "1"]

1. d4 d5 2. e3 Nf6 3. f4 Bf5 4. Nf3 e6 5. c3 Bd6 6. Bd3 Ne4 7. 0-0 Nd7 8. Nbd2 Ndf6 9. Bxe4 Nxe4 10. Qe2 c6 11. Nxe4 Bxe4 12. Nd2 g5 13. Nxe4 dxe4 14. Qh5 gxf4 15. exf4 Qf6 16. f5 e5 17. Bg5 Qg7 18. f6 Qf8 19. Bh6 Qg8 20. Bg7 0-0-0 21. Qf5+ 1-0

[Event "Ulm/Neu Ulm-ch"]
[Site "Ulm/Neu Ulm"]
[Date "2008.09.19"]
[Round "1"]
[White "Von Koschitzky, Ignatio"]
[Black "Zierke, Markus"]
[Result "0-1"]
[WhiteElo "1087"]
[BlackElo "1765"]
[PlyCount "102"]
[EventDate "2008.09.19"]
[EventType "swiss"]
[EventRounds "7"]
[EventCountry "GER"]
[SourceTitle "EXT 2011"]
[Source "ChessBase"]
[SourceDate "2010.11.26"]
[SourceVersion "1"]
[SourceVersionDate "2010.11.26"]
[SourceQuality "1"]

1. e4 e6 2. Nf3 d5 3. exd5 exd5 4. d4 Bd6 5. c4 Nf6 6. Bd3 0-0 7. 0-0 dxc4 8. Bxc4 Bg4 9. Bg5 h6 10. Bh4 Nc6 11. Nc3 Bxf3 12. Qxf3 Nxd4 13. Qd3 Nc6 14. Ne4 Be7 15. Rfe1 Qxd3 16. Bxd3 Rad8 17. Bb5 Nxe4 18. Bxe7 Nxe7 19. Rxe4 Nd5 20. Rae1 c6 21. Bc4 Rd7 22. a3 Rfd8 23. Bb3 Kf8 24. g3 Nf6 25. R4e2 Rd2 26. h3 Rxe2 27. Rxe2 Re8 28. Rd2 Re1+ 29. Kg2 Ke7 30. Bc4 Ne4 31. Rd4 Nd6 32. Bb3 Re2 33. Rd3 Rxb2 34. Re3+ Kd7 35. Rd3 f6 36. h4 Re2 37. Bc4 Re5 38. Bb3 Kc7 39. Bc2 c5 40. f4 Re2+ 41. Kf3 Rxc2 42. Ke3 c4 43. Rd1 Rc3+ 44. Kd4 Rd3+ 45. Rxd3 cxd3 46. Kxd3 Nf5 47. Ke4 Nxg3+ 48. Kf3 Nf5 49. Kg4 Ne7 50. Kf3 h5 51. Ke3 Nf5+ 0-1

[Event "Ulm/Neu Ulm-ch"]
[Site "Ulm/Neu Ulm"]
[Date "2004.10.29"]
[Round "4"]
[White "Mayer, Arnd"]
[Black "Zierke, Markus"]
[Result "1-0"]
[WhiteElo "2020"]
[BlackElo "1745"]
[PlyCount "73"]
[EventDate "2004.09.17"]
[EventType "swiss"]
[EventRounds "7"]
[EventCountry "GER"]
[SourceTitle "EXT 2011"]
[Source "ChessBase"]
[SourceDate "2010.11.26"]
[SourceVersion "1"]
[SourceVersionDate "2010.11.26"]
[SourceQuality "1"]

1. d4 Nc6 2. Nf3 d5 3. Bf4 Nf6 4. e3 a6 5. c4 Bf5 6. Nc3 e6 7. Rc1 Ne4 8. a3 Nxc3 9. Rxc3 Bd6 10. Bg5 Be7 11. Bf4 Bd6 12. Bxd6 Qxd6 13. Qa4 0-0 14. Be2 dxc4 15. Qxc4 Be4 16. 0-0 Qd5 17. Rfc1 Rfc8 18. Qxd5 exd5 19. Nd2 Bf5 20. b4 Re8 21. Nb3 Re7 22. Bf1 Bd7 23. Nc5 Ra7 24. Bxa6 Rxa6 25. Nxa6 bxa6 26. Rxc6 Bxc6 27. Rxc6 Re6 28. Rxc7 g6 29. Kf1 Rb6 30. Rc5 Rd6 31. Ke2 Kf8 32. Kd3 Ke7 33. Rc7+ Ke6 34. f3 h6 35. e4 f5 36. e5 Rb6 37. Rg7 1-0